ŠTÚDIUM ARCHITEKTONIKY KAPILÁRNYCH SLUČIEK PLEXUS SUBPAPILLARIS DERMIS

Bibliographic Details
Main Authors: Výbohová, Desanka, 1971- (Author), Hešková, Gabriela, 1967- (Author), Adamicová, Katarína, 1953- (Author), Kunertová, Lenka, 1968- (Author), Marčeková, Magdaléna, 1957- (Author), Mello, Milan, 1951- (Author), Mellová, Yvetta, 1951- (Author)
Format: Article
Language:Slovak
ISBN:9788071656203

MARC

LEADER 00000naa a2200000uu 4500
001 vtls011063176
003 SK-MaSNL
005 20260302144646.0
008 210909|2007 xo |||||||||||||||||slo|
015 |a SNBRA 
035 |a (urnnbn)urn:nbn:sk:snk:ar-a0c4cf 
035 |a (uuid)7a69f4fb-9188-449d-a6cc-569ac3dc1101 
035 |a urn:nbn:sk:snk-aavaty 
040 |a SNKBUCL  |b slo  |c SNKBUCL  |e AACR2 
041 0 |a slo 
044 |a xo  |c SK 
100 1 |a Výbohová, Desanka,  |d 1971-  |4 aut  |9 25778 
245 1 0 |a ŠTÚDIUM ARCHITEKTONIKY KAPILÁRNYCH SLUČIEK PLEXUS SUBPAPILLARIS DERMIS  |c D. Výbohová, G. Hešková, K. Adamicová, L. Kunertová, M. Marčeková, M. Mello, Y. Mellová 
700 1 |a Hešková, Gabriela,  |d 1967-  |4 aut  |9 25779 
700 1 |a Adamicová, Katarína,  |d 1953-  |4 aut  |9 185681 
700 1 |a Kunertová, Lenka,  |d 1968-  |4 aut  |9 25781 
700 1 |a Marčeková, Magdaléna,  |d 1957-  |4 aut  |9 25780 
700 1 |a Mello, Milan,  |d 1951-  |4 aut  |9 9088 
700 1 |a Mellová, Yvetta,  |d 1951-  |4 aut  |9 22236 
773 0 |t Morfológia včera, dnes a zajtra  |d Prešov : Vydavateľstvo Michala Vaška, 2007  |g S. 203-206  |z 9788071656203 
958 |a OND 
958 |a article12 
958 |a chapter 
999 |c 1350331  |d 1352261